| 000 | 00632nam a2200205Ia 4500 | ||
|---|---|---|---|
| 008 | 241004s9999 xx 000 0 und d | ||
| 020 | _a9781032233499 | ||
| 037 | _aTextbook | ||
| 040 |
_aARTS _beng _cARTS |
||
| 041 |
_aeng _2eng |
||
| 084 |
_aW691.212 R2 _qARTS |
||
| 100 |
_aMannathukkaren Nissim Au. _932602 |
||
| 245 |
_aCommunism, subaltern studies and postcolonial theory: the left in South India _cMannathukkaren Nissim Au. |
||
| 260 |
_aUK _b Routledge _c2022 |
||
| 300 | _axi,437p. | ||
| 365 |
_aINR _b1495 |
||
| 650 | _aPolitical Science | ||
| 942 |
_cTB _hW691.212 R2 |
||
| 999 |
_c1218893 _d1218893 |
||